| 000 | 00000nas 2200000za 4500 |
| 001 | 9.500920 |
| 003 | CaOODSP |
| 005 | 20221107132924 |
| 007 | cr ||||||||||| |
| 008 | 150406d19992005oncqr p o f0 b0fre|d |
| 022 | |y1488-6537 |
| 040 | |aCaOODSP|bfre |
| 043 | |an-cn--- |
| 086 | 1 |aNH12-9F-PDF|zNH12-9F-IN |
| 245 | 00|aPerspectives SCHL du marché de l'habitation. |pÉdition nationale |h[ressource électronique]. |
| 260 | |a[Ottawa] : |bSociété canadienne d'hypothèques et de logement, |c1999-[2005] |
| 310 | |aTrimestriel |
| 362 | 0 |a4e trimestre (1999)-4e trimestre (2005). |
| 500 | |aTitre du départ. |
| 500 | |aPubl. aussi en anglais sous le titre : CMHC housing outlook. National edition. |
| 692 | 07|2gccst|aLogement |
| 710 | 2 |aSociété canadienne d'hypothèques et de logement. |
| 775 | 08|tCMHC housing outlook. |w(CaOODSP)9.504505 |
| 776 | 0#|tPerspectives du SCHL du marché de l'habitation - Édition nationale |w(CaOODSP)9.512723 |